Environmental justice : (Record no. 18533)
[ view plain ]
| 000 -LEADER | |
|---|---|
| fixed length control field | 00541cam a2200193 a 4500 |
| 020 ## - INTERNATIONAL STANDARD BOOK NUMBER | |
| ISBN | 1559634162 |
| 020 ## - INTERNATIONAL STANDARD BOOK NUMBER | |
| ISBN | 1559634170 |
| 040 ## - CATALOGING SOURCE | |
| Transcribing agency | DLC |
| 082 00 - DEWEY DECIMAL CLASSIFICATION NUMBER | |
| Classification number | 363 ILP 1995 C147 Or. |
| 245 00 - TITLE STATEMENT | |
| Title | Environmental justice : |
| Remainder of title | issues, policies, and solutions / |
| 260 ## - PUBLICATION, DISTRIBUTION, ETC. (IMPRINT) | |
| Place of publication | Washington, D.C. : |
| Name of publisher | Island Press, |
| Year of publication | c1995. |
| 300 ## - PHYSICAL DESCRIPTION | |
| Number of Pages | viii, 278 p. ; |
| Dimensions | 24 cm. |
| 650 #0 - SUBJECT ADDED ENTRY--TOPICAL TERM | |
| Topical Term | Environmental policy |
| 650 #0 - SUBJECT ADDED ENTRY--TOPICAL TERM | |
| Topical Term | Environmental policy |
| 650 #0 - SUBJECT ADDED ENTRY--TOPICAL TERM | |
| Topical Term | Social justice |
| 650 #0 - SUBJECT ADDED ENTRY--TOPICAL TERM | |
| Topical Term | Sustainable development |
| 700 1# - ADDED ENTRY--PERSONAL NAME | |
| Personal name | Bryant, Bunyan I. |
| 942 ## - ADDED ENTRY ELEMENTS (KOHA) | |
| Koha item type | ADB |
| 952 ## - LOCATION AND ITEM INFORMATION (KOHA) | |
| Withdrawn status [LOCAL, KOHA] | 0 |
| Source of acquisition | Permanent Location | Date acquired | Koha item type | Lost status | Shelving location | Current Location | Full call number |
|---|---|---|---|---|---|---|---|
| A36824 | Library Block C | 2019-12-17 | សៀវភៅភាសាអង់គ្លេស | C147 | Library Block C | 363 ILP 1995 C147 Or. |